000 00293nam a2200121Ia 4500
008 190216s9999||||xx |||||||||||||| ||und||
100 _aSreeraman C V
245 0 _aChakshu Sravanagalasthamam
260 _bCalicut University Publications
300 _a136
650 _aKathakal
942 _cBK
999 _c27816
_d27816